000 00600cam a22002053a 4500
001 37074
003 PGUSA
005 20140828083820.0
008 110814s2011||||xxu|||||s|||||000 | eng d
040 _aPGUSA
_beng
042 _adc
100 1 _aRiley, James Whitcomb,
_d1849-1916
245 1 0 _aNeghborly Poems and Dialect Sketches
_h[electronic resource] /
_cJames Whitcomb Riley
260 _bProject Gutenberg,
_c2011
506 _aPublic domain in the USA.
516 _aElectronic text
830 0 _aProject Gutenberg
_v37074
856 4 0 _uhttp://www.gutenberg.org/ebooks/37074
942 _cEB
999 _c266329
_d266329